书目信息 |
| 题名: |
动态财务管理案例
|
|
| 作者: | 韦斯顿 著 ;张瑾 译 | |
| 分册: | ||
| 出版信息: | 北京 中国人民大学出版社 2004.05 |
|
| 页数: | 381页 | |
| 开本: | 22cm | |
| 丛书名: | 本科经济管理译丛 | |
| 单 册: | ||
| 中图分类: | F279.1 | |
| 科图分类: | ||
| 主题词: | 企业合并--qi ye he bing--案例--世界 | |
| 电子资源: | ||
| ISBN: | 7-300-05417-X | |
| 000 | 01539nam 2200301 450 | |
| 001 | 012007368843 | |
| 005 | 20071010163419.48 | |
| 010 | @a7-300-05417-X@dCNY29.00 | |
| 100 | @a20070814d2004 km y0chiy0120 ea | |
| 101 | 1 | @achi@ceng |
| 102 | @aCN@b110000 | |
| 105 | @aa z 000yy | |
| 200 | 1 | @a动态财务管理案例@Adong tai cai wu guan li an li@e购并及重组@fJ. 弗瑞德·韦斯顿@FJ.fu rui de·wei si dun@d= Cases in dynamic finance@emergers and restructuring@fJ. Fred Weston@g张瑾译@Gzhang jin yi@zeng |
| 210 | @a北京@c中国人民大学出版社@d2004.05 | |
| 215 | @a381页@c图@d22cm | |
| 225 | 2 | @a本科经济管理译丛@Aben ke jing ji guan li yi cong |
| 306 | @a本书中文简体字版由培生教育出版公司授权中国人民大学出版社合作出版。 | |
| 314 | @aJ. 弗瑞德·韦斯顿,男,美国加州大学洛杉矶分校约翰·E·安德森管理学院研究生院管理经济学及金融学方面的名誉退休教授。1948年获得芝加哥大学的博士学位。自1968年以来他一直担任加州大学洛杉矶分校企业购并及重组研究项目的主任。 | |
| 330 | @a本书是一部有关企业管理的著作。本书汇集了许多已经在市场中成功经营的公司和仍在新的市场环境中不断开拓的公司的奋斗经验,内容涵盖了传统的微观经济学、金融学、企业购并重组和公司管理等多个领域。 | |
| 410 | 0 | @12001 @a本科经济管理译丛 |
| 500 | 10 | @aCases in dynamic finance : mergers and restructuring@mChinese |
| 517 | 1 | @a购并及重组@Agou bing ji zhong zu |
| 606 | 0 | @a企业合并@Aqi ye he bing@x案例@y世界 |
| 690 | @aF279.1@v4 | |
| 701 | 1 | @a韦斯顿@Awei si dun@g(Weston, Johu Fred)@4著 |
| 702 | 0 | @a张瑾@Azhang jin@4译 |
| 801 | 0 | @aCN@c20071010 |
| 905 | @dF279.1@eW519 | |
| 动态财务管理案例:购并及重组/J. 弗瑞德·韦斯顿= Cases in dynamic finance:mergers and restructuring/J. Fred Weston/张瑾译.-北京:中国人民大学出版社,2004.05 |
| 381页:图;22cm.-(本科经济管理译丛) |
| ISBN 7-300-05417-X:CNY29.00 |
| 本书是一部有关企业管理的著作。本书汇集了许多已经在市场中成功经营的公司和仍在新的市场环境中不断开拓的公司的奋斗经验,内容涵盖了传统的微观经济学、金融学、企业购并重组和公司管理等多个领域。 |
| ● |
| 相关链接 |
|
|
|
正题名:动态财务管理案例
索取号:F279.1/W519
 
预约/预借
| 序号 | 登录号 | 条形码 | 馆藏地/架位号 | 状态 | 备注 |
| 1 | 252487 | 202524875 | 社科库409/409社科库 97排2列4层/ [索取号:F279.1/W519] | 在馆 | |
| 2 | 252488 | 202524884 | 社科库409/409社科库 97排2列4层/ [索取号:F279.1/W519] | 在馆 | |
| 3 | 252489 | 202524893 | 社科库409/409社科库 97排2列4层/ [索取号:F279.1/W519] | 在馆 |